01117nam a2200289 a 4500001001200000003000800012006001900020007001500039008004100054020001800095020002700113040002100140035002100161050002400182082001700206100002200223245008500245260004500330300003100375504005100406533015200457650002900609655002900638710001700667856012600684999001700810ebr10704061CaPaEBRm o u cr cn|||||||||130530s2013 mauabd sb 001 0 eng d z9781118208465 z9781118739419 (e-book) aCaPaEBRcCaPaEBR a(OCoLC)84992057814aTK1051b.S64 2013eb04a333.79322231 aSpeight, James G.10aCoal-fired power generation handbookh[electronic resource] /cJames G. Speight. aBeverly, Mass. :bScrivener Pub.,c2013. axvi, 736 p. :bill., maps. aIncludes bibliographical references and index. aElectronic reproduction.bPalo Alto, Calif. :cebrary,d2013.nAvailable via World Wide Web.nAccess may be limited to ebrary affiliated libraries. 0aCoal-fired power plants. 7aElectronic books.2local2 aebrary, Inc.40uhttp://site.ebrary.com/lib/rucke/Doc?id=10704061zAn electronic book accessible through the World Wide Web; click to view c19949d19949